Origen del feudalismo, elementos que lo constituyen, su influencia en el derecho : (Record no. 158071)

MARC details
000 -LEADER
campo de control de longitud fija 00842nam a2200193 i 4500
001 - NÚMERO DE CONTROL
campo de control 158071
003 - IDENTIFICADOR DE NÚMERO DE CONTROL
campo de control ES-MaACL
005 - FECHA Y HORA DE LA ÚLTIMA TRANSACCIÓN
campo de control 20250907063121.0
008 - DATOS DE LONGITUD FIJA--INFORMACIÓN GENERAL
campo de control de longitud fija 010521s1859 sp |||| | spa d
080 ## - NÚMERO DE LA CLASIFICACIÓN DECIMAL UNIVERSAL
Número de la Clasificación Decimal Universal 321.62
100 1# - ENTRADA PRINCIPAL--NOMBRE DE PERSONA
Nombre de persona López Serrano, Juan,
Fechas asociadas al nombre s. XIX
9 (RLIN) 150109
245 10 - MENCIÓN DEL TÍTULO
Título Origen del feudalismo, elementos que lo constituyen, su influencia en el derecho :
Resto del título discurso leído en el acto de recibir la investidura de Doctor en la Facultad de Derecho /
Mención de responsabilidad, etc. por D. Juan López Serrano.
260 ## - PUBLICACIÓN, DISTRIBUCIÓN, ETC.
Lugar de publicación, distribución, etc. Madrid :
Nombre del editor, distribuidor, etc. [s.n.],
Fecha de publicación, distribución, etc. 1859 (
Fabricante Imp. de Santiago Aguado)
300 ## - DESCRIPCIÓN FÍSICA
Extensión 42 p. ;
Dimensiones 27 cm.
650 #7 - PUNTO DE ACCESO ADICIONAL DE MATERIA--TÉRMINO DE MATERIA
Término de materia o nombre geográfico como elemento de entrada Feudalismo
Fuente del encabezamiento o término embne
9 (RLIN) 12768
710 2# - ENTRADA AGREGADA--NOMBRE DE ENTIDAD CORPORATIVA
Nombre de entidad corporativa o nombre de jurisdicción como elemento de entrada Universidad Central (Madrid).
Unidad subordinada Facultad de Derecho.
9 (RLIN) 7090
852 4# - LOCALIZACIÓN
Ubicación ES-MaACL
Número de control de estantería T-54-F-7
Nota libre - Enc. hol., falto de cub. original
-- - Enc. en un vol. facticio
Holdings
Estatus retirado Estado de pérdida Estado de daño No para préstamo Colección Biblioteca de origen Biblioteca actual Ubicación en estantería Fecha de adquisición Total de préstamos Signatura topográfica completa Código de barras Visto por última vez Precio de reemplazo Tipo de ítem Koha
        Colección de folletos Biblioteca del Ateneo de Madrid Biblioteca del Ateneo de Madrid Depósito folletos 17/01/2008   T-54-F-7 1165435 23/02/2023 23/02/2023 Folleto